[Event "Ann Arbor (MI Op/4)"]
[Site "?"]
[Date "1983.??.??"]
[Round "?"]
[White "Ballard, D.."]
[Black "Marfia, J.."]
[Result "0-1"]
[WhiteElo "1875"]
[BlackElo "2185"]
[PlyCount "84"]
[EventDate "1983.??.??"]

1. Nf3 c5 2. e4 Nc6 3. d3 g6 4. Be3 Bg7 5. c3 d6 6. h3 e5 7. Be2 Nge7 8. O-O b6
9. d4 Qc7 10. Na3 O-O 11. Rc1 a6 12. Nc2 h6 13. b4 f5 14. dxc5 dxc5 15. bxc5 b5
16. Qd6 Qb7 17. Qd1 Rd8 18. Qe1 f4 19. Bd2 Be6 20. Nb4 Na5 21. Bd3 Rac8 22. Qe2
Rxc5 23. Rfd1 Nc4 24. Be1 Rcc8 25. Nd2 Nb2 26. Nb3 Nxd1 27. Rxd1 Qb6 28. Nxa6
Qxa6 29. Bxb5 Qa3 30. c4 Rxd1 31. Qxd1 Bxc4 32. Bxc4+ Rxc4 33. Qd3 Rc8 34. Qd7
Kf7 35. Qb7 Qa8 36. Qb4 Qxa2 37. Bc3 Qb1+ 38. Kh2 Qc2 39. Nc5 Rxc5 40. Qxc5
Qxe4 41. Bb4 Bf6 42. f3 Qd4 0-1

[Event "Ann Arbor (MI Op/6)"]
[Site "?"]
[Date "1983.??.??"]
[Round "?"]
[White "Ballard, D.."]
[Black "Belegundu, A.."]
[Result "0-1"]
[WhiteElo "1875"]
[BlackElo "1640"]
[PlyCount "58"]
[EventDate "1983.??.??"]

1. Nf3 d5 2. d4 e6 3. c4 c5 4. Nc3 Nc6 5. Bf4 Nf6 6. h3 Qb6 7. Nb5 cxd4 8. Nc7+
Kd7 9. Nxa8 Qxb2 10. Qc1 Qb4+ 11. Nd2 e5 12. a3 Qc3 13. Bh2 Qxc1+ 14. Rxc1 Bxa3
15. Rc2 Nb4 16. Kd1 Nxc2 17. Kxc2 Re8 18. e3 dxe3 19. fxe3 Kd8 20. cxd5 Nxd5
21. Nc4 Bc5 22. e4 Nb4+ 23. Kb3 Nc6 24. Bd3 f6 25. Rd1 Nd4+ 26. Kc3 b6 27. Rb1
Re6 28. Ra1 Bb7 29. Rxa7 Nb5+ 0-1

[Event "Ann Arbor (MI Op/1)"]
[Site "?"]
[Date "1983.??.??"]
[Round "?"]
[White "Bailey, Greg"]
[Black "Thurman, John"]
[Result "0-1"]
[WhiteElo "2050"]
[BlackElo "1685"]
[PlyCount "80"]
[EventDate "1983.??.??"]

1. f4 c5 2. Nf3 Nc6 3. e4 d6 4. h3 Nf6 5. d3 e6 6. Be3 Qb6 7. Nbd2 d5 8. e5 Nd7
9. b3 Be7 10. Be2 f6 11. exf6 Bxf6 12. Rb1 Bc3 13. O-O O-O 14. Nh4 Qb4 15. Ndf3
e5 16. fxe5 Ndxe5 17. Nxe5 Rxf1+ 18. Qxf1 Bxe5 19. Nf3 Bf6 20. Qf2 d4 21. Bg5
Be7 22. Bxe7 Nxe7 23. Ng5 Bf5 24. Rf1 Qd2 25. g4 Qxg5 26. h4 Qg6 27. Kh1 Bd7
28. h5 Bc6+ 29. Kh2 Qd6+ 30. Kh3 Bd5 31. Bf3 h6 32. Be2 Nc6 33. Bf3 Re8 34.
Bxd5+ Qxd5 35. Kh2 Qd6+ 36. Kg1 Rf8 37. Qg2 Rxf1+ 38. Kxf1 Qf4+ 39. Ke1 Qc1+
40. Kf2 Qxc2+ 0-1

[Event "Ann Arbor (MI Op/7)"]
[Site "?"]
[Date "1983.??.??"]
[Round "?"]
[White "Bailey, Greg"]
[Black "Mason, D.."]
[Result "0-1"]
[WhiteElo "2050"]
[BlackElo "1880"]
[PlyCount "80"]
[EventDate "1983.??.??"]

1. e4 c6 2. d4 d5 3. Nc3 dxe4 4. Nxe4 Nd7 5. Bc4 Ngf6 6. Ng5 e6 7. Ne2 Nb6 8.
Bd3 c5 9. O-O c4 10. Be4 h6 11. Nxf7 Kxf7 12. Bf3 Bd6 13. b3 Qc7 14. Kh1 Bd7
15. bxc4 Nxc4 16. Qd3 Rac8 17. Rb1 Nb6 18. c3 Bc6 19. Rb3 Rhf8 20. Ba3 Bxa3 21.
Rxa3 a6 22. Rb3 Bd5 23. Bxd5 Nbxd5 24. Rfb1 b5 25. a4 Qc4 26. Qxc4 Rxc4 27.
axb5 axb5 28. Rxb5 Ne4 29. Rb7+ Kf6 30. f3 Nexc3 31. Nxc3 Rxc3 32. h4 Rd3 33.
Ra1 Rxd4 34. g3 Rd2 35. Raa7 Rc8 36. Rf7+ Ke5 37. f4+ Ke4 38. Ra4+ Kf3 39. Ra3+
Ne3 40. Ra1 Rcc2 0-1

[Event "Ann Arbor (MI Op/3)"]
[Site "?"]
[Date "1983.??.??"]
[Round "?"]
[White "Bailey, Greg"]
[Black "Lloyd, J.."]
[Result "1-0"]
[WhiteElo "2050"]
[BlackElo "1860"]
[PlyCount "69"]
[EventDate "1983.??.??"]

1. d4 Nf6 2. Nf3 g6 3. g3 Bg7 4. Bg2 O-O 5. O-O d6 6. c4 Nbd7 7. Nc3 e5 8. e4
Ne8 9. d5 f5 10. Bg5 Ndf6 11. Qd2 Bd7 12. Rac1 Qc8 13. Rfe1 Nxe4 14. Nxe4 fxe4
15. Rxe4 Bg4 16. Nh4 Nf6 17. Ree1 Qd7 18. f3 Bh3 19. Bh1 Qf7 20. Bg2 Bxg2 21.
Kxg2 Nh5 22. Re4 Nf6 23. Re2 Nd7 24. Rce1 a5 25. a3 a4 26. Rf2 Nc5 27. h3 e4
28. Rb1 Nd3 29. Rff1 Qe8 30. b4 exf3+ 31. Nxf3 Qe4 32. Rbd1 Rxf3 33. Rxf3 Ne5
34. Rdf1 Rf8 35. Qe3 1-0

[Event "Ann Arbor (MI Op/5)"]
[Site "?"]
[Date "1983.??.??"]
[Round "?"]
[White "Bailey, Greg"]
[Black "Finegold, Ben"]
[Result "0-1"]
[WhiteElo "2050"]
[BlackElo "2145"]
[PlyCount "56"]
[EventDate "1983.??.??"]

1. d4 Nf6 2. Nf3 e6 3. Bf4 b6 4. e3 Bb7 5. Bd3 d5 6. Ne5 Bd6 7. Nd2 O-O 8. Qe2
c5 9. c3 Ne4 10. f3 Nxd2 11. Qxd2 f6 12. Qc2 fxe5 13. Bxh7+ Kh8 14. dxe5 Bxe5
15. Bg6 Bxf4 16. exf4 Qf6 17. g3 d4 18. O-O Nc6 19. h4 Ne7 20. h5 Nf5 21. Qh2
dxc3 22. bxc3 Qxc3 23. Rae1 Bxf3 24. Rxe6 Qd4+ 25. Rf2 Nh6 26. Rd6 Qxd6 27.
Rxf3 Qd4+ 28. Kg2 Qd2+ 0-1

[Event "Ann Arbor (MI Op/2)"]
[Site "?"]
[Date "1983.??.??"]
[Round "?"]
[White "Bagherabadi, Mohammed"]
[Black "Unsino, S.."]
[Result "1-0"]
[WhiteElo "1920"]
[BlackElo "1605"]
[PlyCount "53"]
[EventDate "1983.??.??"]

1. d4 d5 2. e4 dxe4 3. Nc3 Nf6 4. f3 exf3 5. Nxf3 e6 6. Bf4 Bb4 7. Bd3 Nc6 8.
a3 Bxc3+ 9. bxc3 Nd5 10. Bd2 Qd6 11. O-O b6 12. Ng5 Nf6 13. Qf3 Bb7 14. Ne4 Qe7
15. Bg5 Nd8 16. Bxf6 gxf6 17. Nxf6+ Kf8 18. Qh5 h6 19. Rf4 Bc6 20. Raf1 Be8 21.
Bh7 Qxa3 22. Qxh6+ Ke7 23. Qg7 Rf8 24. Bg6 Bb5 25. Nh7 Nc6 26. Nxf8 Bxf1 27.
Qxf7+ 1-0

[Event "Ann Arbor (MI Op/3)"]
[Site "?"]
[Date "1983.??.??"]
[Round "?"]
[White "Bagherabadi, Mohammed"]
[Black "Hahn, David"]
[Result "1-0"]
[WhiteElo "1920"]
[BlackElo "2135"]
[PlyCount "113"]
[EventDate "1983.??.??"]

1. d4 Nf6 2. c4 g6 3. Nc3 Bg7 4. e4 d6 5. f3 c5 6. dxc5 dxc5 7. Qxd8+ Kxd8 8.
Be3 Nfd7 9. O-O-O b6 10. h4 Nc6 11. h5 Bb7 12. hxg6 hxg6 13. Rxh8+ Bxh8 14.
Nge2 e6 15. Bf2 Ke7 16. f4 Na5 17. b3 a6 18. Bh4+ Bf6 19. Rxd7+ Kxd7 20. Bxf6
Nc6 21. e5 Na5 22. Ng3 Bc6 23. Nge4 Bxe4 24. Nxe4 Nb7 25. Be2 b5 26. cxb5 axb5
27. Bxb5+ Kc7 28. a4 Na5 29. Nxc5 Kb6 30. Nd7+ Kb7 31. Kb2 Rc8 32. Bh4 Nc6 33.
Nc5+ Kc7 34. Ne4 Nd4 35. Bc4 Rh8 36. Bf2 Nf5 37. Ka3 Rh2 38. g3 Rh3 39. a5 Kb7
40. a6+ Ka8 41. Bb5 Ne7 42. Nd6 Rh2 43. Bc5 Rc2 44. b4 Rc3+ 45. Ka4 Rxg3 46.
Nxf7 Nc8 47. Nd6 Na7 48. Ne8 g5 49. Nc7+ Kb8 50. Nxe6 g4 51. Nd4 Nxb5 52. Nxb5
Rg2 53. a7+ Kb7 54. Kb3 Rg3+ 55. Kc2 Rg2+ 56. Kd3 Ra2 57. e6 1-0

[Event "Ann Arbor (MI Op/6)"]
[Site "?"]
[Date "1983.??.??"]
[Round "?"]
[White "Bagherabadi, Mohammed"]
[Black "Fuller, William"]
[Result "1/2-1/2"]
[WhiteElo "1920"]
[BlackElo "1815"]
[PlyCount "113"]
[EventDate "1983.??.??"]

1. d4 Nf6 2. Nc3 e6 3. e4 d5 4. e5 Nfd7 5. f4 c5 6. dxc5 Bxc5 7. Nf3 Nc6 8. a3
a6 9. Bd3 Ba7 10. b4 b5 11. Na2 Bb7 12. Bb2 Nb6 13. Qe2 Na4 14. c3 Nxb2 15.
Qxb2 Qb6 16. Qe2 Qe3 17. Qxe3 Bxe3 18. g3 Rd8 19. Ke2 Bb6 20. Rhd1 Ke7 21. Nc1
d4 22. cxd4 Nxd4+ 23. Nxd4 Bxd4 24. Rb1 Rd7 25. Nb3 Rhd8 26. Nxd4 Rxd4 27. Rb3
Bd5 28. Rc3 Bc4 29. Ke3 R8d7 30. Rd2 f6 31. h4 h5 32. Rd1 f5 33. Rd2 Rxd3+ 34.
Rcxd3 Rxd3+ 35. Rxd3 Bxd3 36. Kxd3 Kd7 37. Kc3 Kc6 38. Kd4 Kb6 39. Kd3 a5 40.
bxa5+ Kxa5 41. Kd4 Kb6 42. Kd3 Kc5 43. Kc3 Kc6 44. Kd4 Kb6 45. Kd3 Ka5 46. Kd4
b4 47. axb4+ Kxb4 48. Kd3 Kc5 49. Kc3 Kd5 50. Kb4 Kc6 51. Ka5 Kc5 52. Ka6 Kc6
53. Ka7 Kc7 54. Ka8 Kc8 55. Ka7 Kc7 56. Ka6 Kc6 57. Ka5 1/2-1/2

[Event "Ann Arbor (MI Op/4)"]
[Site "?"]
[Date "1983.??.??"]
[Round "?"]
[White "Avery, Robert W"]
[Black "Poschel, Paul"]
[Result "1/2-1/2"]
[WhiteElo "2120"]
[BlackElo "2275"]
[PlyCount "82"]
[EventDate "1983.??.??"]

1. c4 c5 2. Nf3 Nf6 3. d4 cxd4 4. Nxd4 e6 5. a3 Nc6 6. Nc3 Nxd4 7. Qxd4 Be7 8.
e4 d6 9. Be2 O-O 10. O-O a6 11. Be3 Qc7 12. Rfd1 Bd7 13. f4 Rfd8 14. b4 Rac8
15. Rac1 Be8 16. Qb6 Qb8 17. Qa7 Qxa7 18. Bxa7 Ra8 19. Bd4 Nd7 20. e5 dxe5 21.
fxe5 a5 22. Rb1 axb4 23. axb4 Nb8 24. c5 Nc6 25. Nb5 Nxd4 26. Rxd4 Bxb5 27.
Rxd8+ Bxd8 28. Bxb5 Bc7 29. Rd1 Bxe5 30. Rd7 Rb8 31. c6 bxc6 32. Bxc6 Bc3 33.
b5 Ba5 34. Kf2 Bb6+ 35. Kf3 g6 36. Ke4 Kg7 37. Ke5 Bg1 38. h3 Bh2+ 39. Kd4 Bg1+
40. Ke5 Bh2+ 41. Kd4 Bg1+ 1/2-1/2

[Event "Ann Arbor (MI Op/2)"]
[Site "?"]
[Date "1983.??.??"]
[Round "?"]
[White "Avery, Robert W"]
[Black "Kulbacki, James"]
[Result "1/2-1/2"]
[WhiteElo "2120"]
[BlackElo "1910"]
[PlyCount "78"]
[EventDate "1983.??.??"]

1. c4 Nf6 2. Nc3 c5 3. Nf3 d5 4. cxd5 Nxd5 5. g3 Nc6 6. Bg2 Nc7 7. O-O e5 8. d3
Be7 9. Be3 Be6 10. Qc1 f6 11. Nd2 Qd7 12. Nde4 Nd4 13. Re1 Rc8 14. f4 Nd5 15.
Nxd5 Bxd5 16. fxe5 fxe5 17. Qd2 O-O 18. b3 b6 19. Rf1 Qb7 20. h4 Rxf1+ 21. Rxf1
Rf8 22. Rxf8+ Kxf8 23. Kh2 Qc6 24. Bg5 Bxg5 25. Qxg5 Bxe4 26. Bxe4 Qf6 27.
Qxf6+ gxf6 28. Bxh7 Nxe2 29. Kg2 Nc1 30. a4 Nxb3 31. Kf3 Kg7 32. Be4 a6 33. Bd5
Nd4+ 34. Ke4 b5 35. axb5 axb5 36. g4 Kg6 37. g5 fxg5 38. hxg5 Kxg5 39. Kxe5 c4
1/2-1/2

[Event "Ann Arbor (MI Op/6)"]
[Site "?"]
[Date "1983.??.??"]
[Round "?"]
[White "Avery, Robert W"]
[Black "Crispin, T.."]
[Result "1/2-1/2"]
[WhiteElo "2120"]
[BlackElo "2215"]
[PlyCount "74"]
[EventDate "1983.??.??"]

1. c4 e6 2. Nc3 d5 3. d4 c5 4. cxd5 cxd4 5. Qxd4 Nc6 6. Qd1 exd5 7. Qxd5 Bd7 8.
Bg5 Nf6 9. Qd2 h6 10. Bxf6 Qxf6 11. Nd5 Qd8 12. e4 Bd6 13. Nf3 O-O 14. Bd3 Bg4
15. O-O-O Ne5 16. Be2 Rc8+ 17. Kb1 Nc4 18. Bxc4 Rxc4 19. Ne3 Bxf3 20. Nxc4 Bxd1
21. Rxd1 Bc7 22. Qxd8 Rxd8 23. Rxd8+ Bxd8 24. a4 Kf8 25. Kc2 Ke7 26. Kd3 Ke6
27. Kd4 Bc7 28. e5 g5 29. h3 Bb8 30. Ke4 h5 31. g3 g4 32. hxg4 hxg4 33. b4 a6
34. b5 axb5 35. axb5 b6 36. Ne3 Bxe5 37. f4 gxf3 1/2-1/2

[Event "Ann Arbor (MI Op/5)"]
[Site "?"]
[Date "1983.??.??"]
[Round "?"]
[White "Arganian, David H"]
[Black "Kirshner, A.."]
[Result "1/2-1/2"]
[WhiteElo "1975"]
[BlackElo "1790"]
[PlyCount "51"]
[EventDate "1983.??.??"]

1. e4 e6 2. d4 d5 3. e5 b6 4. c3 Qd7 5. g3 Ba6 6. Ne2 Ne7 7. a4 c5 8. Bg2 Nbc6
9. Be3 Nf5 10. O-O Rc8 11. Na3 cxd4 12. Bxd4 Bxe2 13. Qxe2 Ncxd4 14. cxd4 Nxd4
15. Qd3 Nc6 16. f4 Bc5+ 17. Kh1 O-O 18. Nb5 Nb4 19. Qd2 Nc6 20. Rae1 Bb4 21.
Nc3 d4 22. f5 exf5 23. Qd3 Ne7 24. Rd1 Bxc3 25. bxc3 Rfd8 26. cxd4 1/2-1/2

[Event "Ann Arbor (MI Op/2)"]
[Site "?"]
[Date "1983.??.??"]
[Round "?"]
[White "Arganian, David H"]
[Black "Geno, R.."]
[Result "1-0"]
[WhiteElo "1975"]
[BlackElo "1875"]
[PlyCount "161"]
[EventDate "1983.??.??"]

1. e4 e5 2. Nc3 Bc5 3. Bc4 d6 4. d3 h6 5. Be3 Bxe3 6. fxe3 Nc6 7. Qf3 Nf6 8.
Nge2 Na5 9. Bb3 Nxb3 10. axb3 c6 11. O-O O-O 12. h3 b5 13. Ng3 Nh7 14. Nf5 Bxf5
15. exf5 d5 16. Qg3 Qe7 17. Rf2 Nf6 18. Raf1 a5 19. Qh4 b4 20. Na4 Qd6 21. g4
Ra7 22. g5 hxg5 23. Qxg5 Nh7 24. Qg3 f6 25. Rg2 c5 26. h4 Qc6 27. Qf3 e4 28.
dxe4 dxe4 29. Qe2 Rc7 30. Qc4+ Kh8 31. Rf4 Re8 32. Rgg4 Re5 33. Rxe4 Rxf5 34.
Re6 Qd7 35. Qe4 Qd1+ 36. Kh2 Rf2+ 37. Rg2 Rxg2+ 38. Qxg2 Qd7 39. Qe4 Nf8 40.
Re8 Kg8 41. Qc4+ Qf7 42. Nb6 Qxc4 43. Nxc4 Rd7 44. Ra8 Kf7 45. Rxa5 Ne6 46. Kg3
Ke7 47. Kf3 Kf7 48. Ra6 Ke7 49. Ke4 g6 50. Ra1 Rd8 51. Ra7+ Rd7 52. Rxd7+ Kxd7
53. Nb6+ Kd6 54. c4 bxc3 55. bxc3 Kc6 56. Nc4 Nc7 57. Nb2 Ne6 58. Nd3 Kd6 59.
Nf4 Nf8 60. Nxg6 Nxg6 61. h5 Nf8 62. Kf5 Ke7 63. e4 Kf7 64. h6 Nd7 65. h7 Kg7
66. h8=Q+ Kxh8 67. Ke6 Nb8 68. Kxf6 Kg8 69. Ke7 Nc6+ 70. Kd6 Na5 71. b4 cxb4
72. cxb4 Nb3 73. Kd7 Kf8 74. e5 Nd4 75. e6 Nxe6 76. Kxe6 Ke8 77. Kd6 Kd8 78.
Kc6 Kc8 79. Kb6 Kb8 80. b5 Ka8 81. Kc7 1-0

[Event "Ann Arbor (MI Op/4)"]
[Site "?"]
[Date "1983.??.??"]
[Round "?"]
[White "Arganian, David H"]
[Black "Davis, L.."]
[Result "1/2-1/2"]
[WhiteElo "1975"]
[BlackElo "1890"]
[PlyCount "105"]
[EventDate "1983.??.??"]

1. e4 c5 2. f4 Nc6 3. Nf3 e6 4. Bb5 Nge7 5. O-O d5 6. exd5 Nxd5 7. Bxc6+ bxc6
8. d4 Ba6 9. Re1 Be7 10. Nc3 O-O 11. Ne4 cxd4 12. Qxd4 Qb6 13. Kh1 Rfd8 14. b3
Nb4 15. Qb2 Nd5 16. a3 Rab8 17. Rb1 c5 18. c4 Nf6 19. Qc2 Bb7 20. Nxf6+ Bxf6
21. Ne5 Ba8 22. Be3 Qc7 23. Qf2 Be7 24. Qe2 Rb7 25. Red1 Qc8 26. Rf1 Bf6 27.
Qf2 Be7 28. Bd2 Rb6 29. Ba5 Rbd6 30. Bxd8 Qxd8 31. Nf3 Bf6 32. Qxc5 Be4 33.
Rbc1 Bb2 34. Rce1 Bd3 35. Rd1 Bd4 36. Nxd4 Rxd4 37. Rxd3 Rxd3 38. Qxa7 Rxb3 39.
Qa4 Rd3 40. c5 Rd4 41. Qb3 Rd3 42. Qb6 Qxb6 43. cxb6 Rb3 44. a4 Rxb6 45. a5 Ra6
46. Ra1 Kf8 47. Kg1 Ke7 48. Kf2 Kd6 49. g4 Kc6 50. g5 Ra7 51. a6 Kb6 52. Ra3
Rxa6 53. Rh3 1/2-1/2

[Event "Ann Arbor (MI Op/7)"]
[Site "?"]
[Date "1983.??.??"]
[Round "?"]
[White "Arganian, David H"]
[Black "Bautista, L.."]
[Result "1-0"]
[WhiteElo "1975"]
[BlackElo "1830"]
[PlyCount "67"]
[EventDate "1983.??.??"]

1. e4 c5 2. c3 d5 3. exd5 Qxd5 4. d4 e5 5. Be3 cxd4 6. cxd4 exd4 7. Nc3 Qd8 8.
Qxd4 Bd7 9. Nf3 Nf6 10. Be2 Nc6 11. Qd2 Bb4 12. O-O O-O 13. Rfd1 Be6 14. Qc2
Qe7 15. a3 Ba5 16. b4 Bb6 17. Bxb6 axb6 18. Na4 Bf5 19. Qxf5 Rxa4 20. Bb5 Raa8
21. Re1 Qd6 22. Rad1 Qc7 23. Re3 Rad8 24. Rde1 Qd6 25. Bc4 Qc7 26. Ba2 Qd6 27.
Ng5 Qd2 28. Bxf7+ Rxf7 29. Re8+ Rf8 30. Qe6+ Kh8 31. Nf7+ Kg8 32. Nh6+ Kh8 33.
Nf7+ Kg8 34. Nxd8+ 1-0

[Event "East Detroit (MCO/3)"]
[Site "?"]
[Date "1983.??.??"]
[Round "?"]
[White "Arganian, David G"]
[Black "Thomas, Henry"]
[Result "1-0"]
[WhiteElo "2140"]
[BlackElo "1605"]
[PlyCount "33"]
[EventDate "1983.??.??"]

1. e4 e6 2. d3 d5 3. Nd2 c5 4. Ngf3 Nc6 5. g3 d4 6. Bg2 e5 7. a4 b6 8. O-O Bd6
9. Nc4 Nf6 10. Nh4 g6 11. f4 Bg4 12. Qe1 Nh5 13. f5 gxf5 14. exf5 Qd7 15. h3
Nf6 16. hxg4 Nxg4 17. Qe4 1-0

[Event "Ann Arbor (MI Op/1)"]
[Site "?"]
[Date "1983.??.??"]
[Round "?"]
[White "Arganian, David G"]
[Black "Mason, D.."]
[Result "1-0"]
[WhiteElo "2095"]
[BlackElo "1880"]
[PlyCount "77"]
[EventDate "1983.??.??"]

1. e4 c6 2. d4 d5 3. exd5 cxd5 4. Bd3 Nc6 5. c3 Nf6 6. Bf4 Bg4 7. Qb3 Na5 8.
Qa4+ Bd7 9. Qc2 Qb6 10. Nd2 e6 11. Ngf3 Rc8 12. Ne5 Bb5 13. O-O Be7 14. Ndf3
O-O 15. Bxb5 Qxb5 16. Rfe1 Qa6 17. Bg5 b5 18. Qe2 Qb7 19. Rac1 Rc7 20. h3 Rfc8
21. Nxf7 Ne4 22. Bxe7 Rxe7 23. N7g5 Nxg5 24. Nxg5 Rc6 25. Qd3 g6 26. Nf3 Nc4
27. b3 Nd6 28. Ne5 Rb6 29. Qf3 Kg7 30. h4 Nf5 31. g3 b4 32. g4 Nxh4 33. Qe3 h6
34. f4 bxc3 35. Rxc3 Rb4 36. Nc6 Rb6 37. Nxe7 Qxe7 38. Qe5+ Kh7 39. Rc7 1-0

[Event "Ann Arbor (MI Op/3)"]
[Site "?"]
[Date "1983.??.??"]
[Round "?"]
[White "Arganian, David G"]
[Black "George, R.."]
[Result "0-1"]
[WhiteElo "2095"]
[BlackElo "1915"]
[PlyCount "50"]
[EventDate "1983.??.??"]

1. e4 e5 2. Nf3 Nc6 3. d4 exd4 4. c3 d3 5. Bxd3 Bc5 6. Nbd2 d6 7. Nc4 a6 8. Ne3
Nge7 9. Qe2 O-O 10. h4 Ng6 11. Nf1 Nge5 12. Bc2 Be6 13. Ng5 Bc4 14. Qh5 h6 15.
Ne3 Qf6 16. Nf5 Qg6 17. Qd1 hxg5 18. hxg5 Rfe8 19. b3 Bd3 20. Bxd3 Nxd3+ 21.
Qxd3 Qxf5 22. f3 d5 23. g4 dxe4 24. gxf5 exd3+ 25. Kf1 Re2 0-1

[Event "East Detroit (MCO/6)"]
[Site "?"]
[Date "1983.??.??"]
[Round "?"]
[White "Arganian, David G"]
[Black "Dupuis, P.."]
[Result "0-1"]
[WhiteElo "2140"]
[BlackElo "2210"]
[PlyCount "90"]
[EventDate "1983.??.??"]

1. e4 c5 2. Nf3 e6 3. d4 cxd4 4. Nxd4 Nf6 5. Nc3 d6 6. g3 a6 7. Bg2 Qc7 8. Be3
Nc6 9. Nxc6 bxc6 10. O-O Be7 11. Na4 Rb8 12. c4 c5 13. Qc2 O-O 14. Nc3 Ng4 15.
Bd2 Bf6 16. Rab1 Bd7 17. Ne2 Bd4 18. Bc3 e5 19. h3 Nf6 20. Kh2 Bc6 21. g4 Qb7
22. f3 Qc7 23. Ng3 Ne8 24. Rfd1 g6 25. Bf1 Ng7 26. b4 Ne6 27. b5 Bb7 28. Bd2
Qe7 29. Qc1 Qf6 30. g5 Qe7 31. Bd3 f6 32. gxf6 Qxf6 33. Rf1 Nf4 34. Bxf4 exf4
35. Ne2 Be3 36. Qc3 Qh4 37. Qe1 Qh5 38. Qa5 Bc8 39. Ng1 Bxg1+ 40. Kxg1 Bxh3 41.
Kf2 Qe5 42. Rfd1 Qd4+ 43. Ke1 axb5 44. cxb5 Ra8 45. Qc7 Qe3+ 0-1

[Event "East Detroit (MCO/1)"]
[Site "?"]
[Date "1983.??.??"]
[Round "?"]
[White "Arganian, David G"]
[Black "Corbeill, Joe"]
[Result "0-1"]
[WhiteElo "2140"]
[BlackElo "1645"]
[PlyCount "95"]
[EventDate "1983.??.??"]

1. e4 c5 2. Nc3 Nc6 3. f4 d6 4. Bc4 e6 5. Nf3 Nf6 6. d3 Be7 7. O-O a6 8. a4 b6
9. e5 dxe5 10. Nxe5 Nxe5 11. fxe5 Qd4+ 12. Kh1 Qxe5 13. Qf3 Qb8 14. Ne4 O-O 15.
Bf4 Qb7 16. Be5 Nxe4 17. dxe4 f6 18. Bf4 Bd7 19. Qb3 Kh8 20. Bxe6 Bxe6 21. Qxe6
Rae8 22. Rfe1 Bd8 23. Qd5 Qf7 24. Rad1 Bc7 25. Bxc7 Qxc7 26. Qd7 Qxd7 27. Rxd7
Kg8 28. Rd6 Rb8 29. Rd7 Rf7 30. Red1 Re8 31. Rd8 Rfe7 32. Rxe8+ Rxe8 33. Rd6
Rxe4 34. h3 Rxa4 35. Rxb6 Ra2 36. Kg1 c4 37. c3 Ra5 38. Rb4 Rb5 39. Rxb5 axb5
40. Kf2 Kf7 41. Ke3 Ke6 42. Kd4 Kd6 43. g4 g6 44. Ke4 h6 45. h4 Ke6 46. Kf4 f5
47. h5 gxh5 48. gxf5+ 0-1

[Event "Ann Arbor (MI Op/5)"]
[Site "?"]
[Date "1983.??.??"]
[Round "?"]
[White "Arganian, David G"]
[Black "Beydoun, N.."]
[Result "1-0"]
[WhiteElo "2095"]
[BlackElo "1920"]
[PlyCount "73"]
[EventDate "1983.??.??"]

1. e4 c5 2. Nf3 d6 3. Bb5+ Bd7 4. Bxd7+ Nxd7 5. d4 cxd4 6. Qxd4 Ngf6 7. Nc3 e6
8. O-O a6 9. h3 Be7 10. Bg5 Qc7 11. Rad1 O-O 12. Rfe1 Rac8 13. Nh2 h6 14. Bxf6
Bxf6 15. Qxd6 Bxc3 16. bxc3 Nb6 17. Ng4 Na4 18. c4 Qxc4 19. Qf4 Kh7 20. Rd7 Nc5
21. Rxf7 Rxf7 22. Qxf7 Kh8 23. Ne5 Qc3 24. Ng6+ Kh7 25. Re3 Qf6 26. Qxf6 gxf6
27. Nf4 Na4 28. Nxe6 Rxc2 29. Rg3 Nc5 30. Rg7+ Kh8 31. Rc7 Rc1+ 32. Kh2 Nd3 33.
Rxb7 Rc2 34. Kg3 Nxf2 35. Kf4 Rxa2 36. Kf5 h5 37. Kg6 1-0

[Event "Ann Arbor (MI Op/3)"]
[Site "?"]
[Date "1983.??.??"]
[Round "?"]
[White "Almquist, W.."]
[Black "Petty, M.."]
[Result "1-0"]
[WhiteElo "1605"]
[BlackElo "1880"]
[PlyCount "75"]
[EventDate "1983.??.??"]

1. e4 c5 2. Nf3 d6 3. d4 cxd4 4. Nxd4 a6 5. f4 e5 6. Nf3 Nc6 7. Nc3 Bd7 8. Bc4
h6 9. a4 Nf6 10. Be3 Rc8 11. Qe2 Ng4 12. O-O Nxe3 13. Qxe3 Nd4 14. Bd3 Qb6 15.
Nd5 Ne2+ 16. Bxe2 Qxb2 17. Rab1 Qxc2 18. Rxb7 exf4 19. Qd3 Qxa4 20. Nb6 Qc6 21.
Nxc8 Bxc8 22. Rbb1 Be7 23. Rfc1 Qd7 24. Nd4 O-O 25. Nf5 Bf6 26. Qxd6 Qa7+ 27.
Qb6 Qxb6+ 28. Rxb6 Bxf5 29. Rxf6 Bxe4 30. Rxf4 f5 31. Bxa6 g5 32. Rf2 f4 33.
Rc7 g4 34. Bb7 Bd3 35. Rd2 Bb5 36. Bc6 Ba6 37. Rdd7 Rf6 38. Rd8+ 1-0

[Event "Ann Arbor (MI Op/7)"]
[Site "?"]
[Date "1983.??.??"]
[Round "?"]
[White "Almquist, W.."]
[Black "Lloyd, J.."]
[Result "0-1"]
[WhiteElo "1605"]
[BlackElo "1860"]
[PlyCount "44"]
[EventDate "1983.??.??"]

1. e4 Nf6 2. e5 Nd5 3. d4 d6 4. c4 Nb6 5. f4 dxe5 6. fxe5 c5 7. d5 e6 8. Nc3
exd5 9. cxd5 c4 10. Bf4 Bb4 11. Bxc4 Nxc4 12. Qa4+ Nc6 13. dxc6 Nxb2 14. c7+
Qd7 15. Qxd7+ Bxd7 16. Bd2 Nd3+ 17. Ke2 Nxe5 18. Re1 O-O 19. Nd5 Bd6 20. Nh3
Rfe8 21. Kd1 Ba4+ 22. Kc1 Nd3+ 0-1

[Event "Ann Arbor (MI Op/2)"]
[Site "?"]
[Date "1983.??.??"]
[Round "?"]
[White "Almquist, W.."]
[Black "George, R.."]
[Result "0-1"]
[WhiteElo "1605"]
[BlackElo "1915"]
[PlyCount "82"]
[EventDate "1983.??.??"]

1. e4 e5 2. Nf3 Nc6 3. Bb5 a6 4. Ba4 Nf6 5. O-O Be7 6. Re1 b5 7. Bb3 O-O 8. c3
d5 9. exd5 Nxd5 10. Nxe5 Nxe5 11. Rxe5 Nf6 12. d4 Bd6 13. Re1 Ng4 14. h3 Qh4
15. Qf3 Nxf2 16. Nd2 Nxh3+ 17. Kf1 Bg4 18. Re4 Nf4 19. Qe3 Qh1+ 20. Qg1 Be2+
21. Rxe2 Qxg1+ 22. Kxg1 Nxe2+ 23. Kf2 Nxc1 24. Rxc1 Bf4 25. Rc2 Bxd2 26. Rxd2
Rad8 27. a4 Rfe8 28. axb5 axb5 29. d5 Rd6 30. Rd4 Rf6+ 31. Kg1 Re2 32. Rb4 Rff2
33. Rxb5 Rxg2+ 34. Kf1 Ref2+ 35. Ke1 g6 36. d6 cxd6 37. Bd5 Rxb2 38. Bxg2 Rxb5
39. Kd1 Rb2 40. Bd5 h5 41. Kc1 Rh2 0-1

[Event "Ann Arbor (MI Op/5)"]
[Site "?"]
[Date "1983.??.??"]
[Round "?"]
[White "Almquist, W.."]
[Black "Dangremond, Leonard"]
[Result "0-1"]
[WhiteElo "1605"]
[BlackElo "1945"]
[PlyCount "124"]
[EventDate "1983.??.??"]

1. e4 e5 2. Nf3 Nc6 3. Bb5 a6 4. Ba4 Nf6 5. O-O b5 6. Bb3 Be7 7. Re1 d6 8. c3
O-O 9. h3 Na5 10. Bc2 c5 11. d4 Qc7 12. Nbd2 Re8 13. Nf1 h6 14. Ne3 Bf8 15. d5
Nb7 16. c4 b4 17. Nh2 Qe7 18. Neg4 a5 19. Nxf6+ Qxf6 20. Ng4 Qg6 21. Re3 Bxg4
22. Qxg4 Qxg4 23. hxg4 a4 24. Rg3 g5 25. Bd2 Kg7 26. Re1 Re7 27. Kh2 f6 28. Rf3
Na5 29. Bd3 Nb7 30. Be2 Nd8 31. Rh1 Nf7 32. Rh3 Nh8 33. g3 Ng6 34. Kg2 Kf7 35.
Bd1 Nh8 36. Rf1 Kg6 37. Bc2 Rb7 38. f4 gxf4 39. gxf4 Nf7 40. Bd1 exf4 41. Bxf4
Re7 42. Bc2 Ne5 43. Bxe5 Rxe5 44. Rhf3 Bg7 45. Rf5 Ra7 46. Rxe5 fxe5 47. Kh3
Bf6 48. b3 axb3 49. Bxb3 Ra8 50. Rf5 Bg5 51. Rf1 Bf4 52. Rg1 Kf6 53. Rg2 Kg5
54. Rg1 Rg8 55. Rg2 Be3 56. Bc2 Kf4 57. Kh4 Rg5 58. Bb1 h5 59. Bc2 Rxg4+ 60.
Rxg4+ hxg4 61. Bd1 Bf2+ 62. Kh5 g3 0-1

[Event "Ann Arbor (MI Op/5)"]
[Site "?"]
[Date "1983.??.??"]
[Round "?"]
[White "Alaton, I.."]
[Black "Zacks, Naum"]
[Result "1-0"]
[WhiteElo "1790"]
[BlackElo "1910"]
[PlyCount "81"]
[EventDate "1983.??.??"]

1. Nf3 d6 2. d4 g6 3. c4 Bg7 4. Nc3 Nf6 5. Bf4 O-O 6. e4 Nh5 7. Be3 Nd7 8. Be2
c5 9. O-O Nhf6 10. Qc2 Ng4 11. Bg5 cxd4 12. Nb5 h6 13. Bh4 d3 14. Bxd3 Nde5 15.
Be2 a6 16. Nc3 Nxf3+ 17. Bxf3 Ne5 18. Be2 g5 19. Bg3 f5 20. f3 Nc6 21. Qd2 Be6
22. Bf2 f4 23. Rac1 Qe8 24. Nd5 Rc8 25. b4 Qf7 26. Nb6 Rcd8 27. a4 h5 28. b5
Ne5 29. Nd5 g4 30. fxg4 hxg4 31. Bh4 Ng6 32. Bg5 Be5 33. Bh6 Qh7 34. Bxf4 Nxf4
35. Nxf4 Rf6 36. g3 Rh6 37. Rf2 Qxe4 38. Bd3 Qd4 39. Ne2 Rf6 40. Nxd4 Bxd4 41.
Bh7+ 1-0

[Event "Ann Arbor (MI Op/3)"]
[Site "?"]
[Date "1983.??.??"]
[Round "?"]
[White "Alaton, I.."]
[Black "Knecht, Mark"]
[Result "0-1"]
[WhiteElo "1790"]
[BlackElo "2090"]
[PlyCount "86"]
[EventDate "1983.??.??"]

1. Nf3 f5 2. d4 g6 3. Bf4 Nf6 4. e3 Bg7 5. h3 d6 6. Bc4 e6 7. c3 Qe7 8. b4 O-O
9. a4 h6 10. Qc2 Bd7 11. Nbd2 a6 12. Bd3 Bc6 13. Rg1 Nbd7 14. Qb3 Kh8 15. Nh4
Qe8 16. Bh2 e5 17. b5 exd4 18. cxd4 Bd5 19. Qc2 axb5 20. Bxb5 c6 21. Bd3 Nh5
22. Ndf3 Qe6 23. Rb1 c5 24. Kd2 c4 25. Be2 Be4 26. Bxc4 d5 27. Bd3 g5 28. g4
gxh4 29. gxh5 Bxf3 30. Rg6 Qf7 31. Rxb7 Bxh5 32. Rc6 Qe8 33. Bxf5 Rf7 34. Bf4
Nf6 35. Rbb6 Ne4+ 36. Bxe4 Qxe4 37. Rc8+ Rxc8 38. Qxc8+ Rf8 39. Qc7 Bg6 40. Qc3
Bf5 41. Qc7 Rc8 42. Rxh6+ Bxh6 43. Be5+ Kg8 0-1